| 000 | 00702cam a2200217 a 4500 | ||
|---|---|---|---|
| 082 | 0 | 0 |
_a355.033573 _bALE |
| 100 | 1 |
_aAlexander, Bevin. _948682 |
|
| 245 | 1 | 4 |
_aThe future of warfare / _cBevin Alexander. |
| 250 | _a1st ed. | ||
| 260 |
_aNew York : _bW.W. Norton, _cc1995. |
||
| 300 |
_a235 p. ; _c22 cm. |
||
| 526 |
_a0 _b0 _c0 _d355_033573000000000_ALE |
||
| 526 |
_a0 _b0 _c0 _d355_033573000000000_ALE |
||
| 526 |
_a0 _b0 _c0 _d355_033573000000000_ALE |
||
| 526 |
_a0 _b0 _c0 _d355_033573000000000_ALE |
||
| 650 | 0 |
_aBalance of power. _936712 |
|
| 650 | 0 |
_aGuerrilla warfare _xCase studies. _948683 |
|
| 650 | 0 |
_aLow-intensity conflicts (Military science) _948684 |
|
| 650 | 0 |
_aMCE _9379 |
|
| 942 |
_2ddc _cBK |
||
| 999 |
_c551541 _d551541 |
||